00536nam a2200157 i 4500001000300000100001900003245010700022260002100129040000800150041000800158942000700166008004100173999001700214856009800231952004900329bg1 aLILEYKO, Jerzy 0aZamek Warszawski :brezydencja królewska i siedziba władz Rzeczypospolitej 1569-1763 /cJ. Lileyko. aWrocław,c1984. cBPK apol cKS s pl f |000 0 pol  c22654d22654 uhttp://koha.tu.koszalin.pl/cgi-bin/koha/opac-detail.pl?biblionumber=22654yKatalog online BPK 00104070aBPKbBPKcwo31834p01576115yKS